000 00916nas a2200265Ia 4500
001 A07/R085-40147
003 IT-MiCISF
008 161014c99999999xx |||||||||||| ||und||
040 _aIT-MiCISF
_cIT-MiCISF
041 _aITALIANO
100 _aBonomi Gabriele
210 _aLa coppia giovane
222 _aLa coppia giovane
245 0 _aL'attuale concezione personalistica della responsabilità procreativa giustifica ancora il ricorso ai metodi naturali per regolare la natalità?
250 _a1a ed.
260 _c2004
501 _bCISF - Centro Internazionale Studi Famiglia - Via Giotto, 36 20145 MILANO (non commercial uses only)
_cCopyright 2016
300 _app. 11-20
362 _an. 2 [2004]
500 _a Tema: procreazione, metodi-naturali, genitorialità, etica, magistero
650 _aPROCREAZIONE
_varticolo
700 _aAA.VV.
942 _cCR
957 _71
999 _a40147
_bSi
_g1
_c231954
_d231954